| 000 | 00448nam a2200157Ia 4500 | ||
|---|---|---|---|
| 008 | 210716s2011 xx 000 0 und d | ||
| 020 | _a9788120339309 | ||
| 041 | _aeng | ||
| 082 | _a003 SENS | ||
| 100 | _aSen, Rathindra P. | ||
| 245 |
_aOperations research: algorithms and applications. _bAlgorithms and applications. |
||
| 250 | _a1 | ||
| 260 |
_aNew Delhi _bPHI Learning Pvt Ltd _c2011 |
||
| 300 | _axvii,789 | ||
| 650 | _aOperations Research | ||
| 999 |
_c207436 _d207436 |
||